=LDR 00000nam 2200000 4500 =001 INLIS000000000046253 =005 20150304122055.0 =006 =007 =008 =020 ##$$a 979-22-129-9 =035 ##$$0010-031500000000025 =040 ##$$ind =082 ##$$a 813 =090 ##$$a 813,Rus r.2 =100 ##$$a Rushton =245 ##$$a i think I'll just curl up and die =260 ##$$a Jakarata$bGramedia$c2005 =300 ##$$a 222hlm$c22cm =850 ##$$a NBPDMAT =990 ##$$a 0001/BPAP-NTB/20142015